000 00788cab a2200253 4500
001 ABS56747
008 090401t1997 xxu||||| |||| 00| 0 eng d
035 _a(Sirsi) u77203
041 _aeng
100 _aGriffiths, B.
245 4 _aThe environmental and cost appraisal of golf projects
260 _c1997
350 _a0
490 _aCSM (Chartered Surveyor Monthly)
_v6(6) March 1997, 32-33(2)
520 _aLooks at the balance that needs to be struck between economic and environmental issues involved in an appraisal of golf projects.
650 _aECONOMIC APPRAISAL
650 _aECONOMIC ISSUES
650 _aENVIRONMENTAL APPRAISAL
650 _aGOLF COURSES
690 _aLEISURE AND RECREATION
700 _aStubbs, D.
942 _n0
948 _c19/03/1997
999 _c48526
_d48526